The existence of gluten-free and functional pasta in Hungary
Nowadays, instead of traditional wheat grains, alternative cereals, also known as pseudocereals, are increasingly coming to the fore. The reason for this is, among other things, that more and more people struggle with food allergies and intolerances. Gluten-related disease - such as gluten sensitivi...
Elmentve itt :
| Szerző: | |
|---|---|
| Dokumentumtípus: | Cikk |
| Megjelent: |
University of Szeged, Faculty of Engineering
Szeged
2023
|
| Sorozat: | Analecta technica Szegedinensia
17 No. 3 |
| Kulcsszavak: | Élelmiszerfejlesztés, Táplálkozástudomány, Gluténmentes tészta, Gluténérzékenység |
| Tárgyszavak: | |
| doi: | 10.14232/analecta.2023.3.13-18 |
| Online Access: | http://acta.bibl.u-szeged.hu/87016 |
| LEADER | 01921nab a2200265 i 4500 | ||
|---|---|---|---|
| 001 | acta87016 | ||
| 005 | 20250416102759.0 | ||
| 008 | 250416s2023 hu o 000 eng d | ||
| 022 | |a 2064-7964 | ||
| 024 | 7 | |a 10.14232/analecta.2023.3.13-18 |2 doi | |
| 040 | |a SZTE Egyetemi Kiadványok Repozitórium |b hun | ||
| 041 | |a eng | ||
| 100 | 1 | |a Szűcs Krisztián | |
| 245 | 1 | 4 | |a The existence of gluten-free and functional pasta in Hungary |h [elektronikus dokumentum] / |c Szűcs Krisztián |
| 260 | |a University of Szeged, Faculty of Engineering |b Szeged |c 2023 | ||
| 300 | |a 13-18 | ||
| 490 | 0 | |a Analecta technica Szegedinensia |v 17 No. 3 | |
| 520 | 3 | |a Nowadays, instead of traditional wheat grains, alternative cereals, also known as pseudocereals, are increasingly coming to the fore. The reason for this is, among other things, that more and more people struggle with food allergies and intolerances. Gluten-related disease - such as gluten sensitivity - is a chronic disease of the small intestine with malabsorption, which is triggered by gluten, a vegetable protein found in certain cereals, in people who are sensitive to it. Because of this, the demand for foods in which alternative gluten-free pseudocereals play a prominent role has understandably increased. Our research and development goal was aimed at getting to know and examining the different raw materials and their functional enrichment possibilities, which has led to the development of a new range of pasta products. | |
| 650 | 4 | |a Műszaki és technológiai tudományok | |
| 650 | 4 | |a Egyéb műszaki tudományok és technológiák | |
| 650 | 4 | |a Élelmiszer és italfélék | |
| 650 | 4 | |a Orvos- és egészségtudomány | |
| 650 | 4 | |a Egészségtudományok | |
| 695 | |a Élelmiszerfejlesztés, Táplálkozástudomány, Gluténmentes tészta, Gluténérzékenység | ||
| 856 | 4 | 0 | |u http://acta.bibl.u-szeged.hu/87016/1/engineering_2023_003_013-018.pdf |z Dokumentum-elérés |